<?xml version="1.0" encoding="UTF-8"?>
<record
    xmlns:xsi="http://www.w3.org/2001/XMLSchema-instance"
    xsi:schemaLocation="http://www.loc.gov/MARC21/slim http://www.loc.gov/standards/marcxml/schema/MARC21slim.xsd"
    xmlns="http://www.loc.gov/MARC21/slim">

  <leader>00664nam a2200181Ia 4500</leader>
  <controlfield tag="008">090123s9999    xx            000 0 und d</controlfield>
  <datafield tag="082" ind1=" " ind2=" ">
    <subfield code="b">33549</subfield>
    <subfield code="a">923.254/&#x926;&#x941;&#x927;&#x93E;&#x923;&#x947;</subfield>
  </datafield>
  <datafield tag="100" ind1=" " ind2=" ">
    <subfield code="a">&#x926;&#x941;&#x927;&#x93E;&#x923;&#x947; &#x938;&#x902;&#x91C;&#x92F;</subfield>
  </datafield>
  <datafield tag="245" ind1=" " ind2=" ">
    <subfield code="a">&#x911;&#x932;&#x93F;&#x92E;&#x94D;&#x92A;&#x93F;&#x915;&#x935;&#x940;&#x930; &#x916;&#x93E;&#x936;&#x93E;&#x92C;&#x93E; &#x91C;&#x93E;&#x927;&#x935;</subfield>
  </datafield>
  <datafield tag="250" ind1=" " ind2=" ">
    <subfield code="a">1</subfield>
  </datafield>
  <datafield tag="260" ind1=" " ind2=" ">
    <subfield code="b">&#x92E;&#x940;&#x928;&#x932; &#x92A;&#x94D;&#x930;&#x915;&#x93E;&#x936;&#x928;</subfield>
    <subfield code="c">2001</subfield>
  </datafield>
  <datafield tag="300" ind1=" " ind2=" ">
    <subfield code="a">136</subfield>
  </datafield>
  <datafield tag="600" ind1=" " ind2=" ">
    <subfield code="a">&#x926;&#x941;&#x927;&#x93E;&#x923;&#x947; &#x938;&#x902;&#x91C;&#x92F;</subfield>
  </datafield>
  <datafield tag="630" ind1=" " ind2=" ">
    <subfield code="a">&#x911;&#x932;&#x93F;&#x92E;&#x94D;&#x92A;&#x93F;&#x915;&#x935;&#x940;&#x930; &#x916;&#x93E;&#x936;&#x93E;&#x92C;&#x93E; &#x91C;&#x93E;&#x927;&#x935;</subfield>
  </datafield>
  <datafield tag="700" ind1=" " ind2=" ">
    <subfield code="a">&#x926;&#x941;&#x927;&#x93E;&#x923;&#x947; &#x938;&#x902;&#x91C;&#x92F;</subfield>
  </datafield>
  <datafield tag="730" ind1=" " ind2=" ">
    <subfield code="a">&#x911;&#x932;&#x93F;&#x92E;&#x94D;&#x92A;&#x93F;&#x915;&#x935;&#x940;&#x930; &#x916;&#x93E;&#x936;&#x93E;&#x92C;&#x93E; &#x91C;&#x93E;&#x927;&#x935;</subfield>
  </datafield>
  <datafield tag="942" ind1=" " ind2=" ">
    <subfield code="c">BOOK</subfield>
  </datafield>
  <datafield tag="999" ind1=" " ind2=" ">
    <subfield code="c">71608</subfield>
    <subfield code="d">71608</subfield>
  </datafield>
  <datafield tag="952" ind1=" " ind2=" ">
    <subfield code="0">0</subfield>
    <subfield code="1">0</subfield>
    <subfield code="4">0</subfield>
    <subfield code="7">0</subfield>
    <subfield code="a">KALWAJAWAH</subfield>
    <subfield code="b">KALWAJAWAH</subfield>
    <subfield code="d">2002-03-31</subfield>
    <subfield code="g">90.00</subfield>
    <subfield code="l">0</subfield>
    <subfield code="o">33549</subfield>
    <subfield code="p">KLW-33549</subfield>
    <subfield code="r">2009-01-23 00:00:00</subfield>
    <subfield code="v">90.00</subfield>
    <subfield code="w">2009-01-23</subfield>
    <subfield code="y">BOOK</subfield>
  </datafield>
</record>
